00828nam a2200253Ia 4500001000900000003000500009005001700014008004100031010001100072040000900083082001400092100002500106245004700131260003500178300001100213650003300224650003000257901001400287902000600301905006300307942001500370999001900385952017000404dia_2592CHAP20251027152817.0220117s1972 xx 000 0 und d a173110 cCHAP a663.22 C3 aCarles, Jules918980 aLa Química del Vino /c por Jules Carles aBarcelona :b Oikos-tau,c1972 a122 p. aQuímica técnica.9153197 aVinoxanálisis 9119856 a663.22 C3 aM a0000001972 BARA 0000000000ESP00 cLIBRO2ddc c173110d173110 00102ddc4051708GRALaIA_bIA_d1978-12-28eCompra Metropolitana F. 10029 / Vale 8053 (28-12-78) iC/el0o663.22 C3pdia_1269r2022-01-18 00:00:00tEj. 1yLIBRO